[Event "Reggio Emilia 53rd"]
[Site "Reggio Emilia"]
[Date "2010.12.31"]
[Round "4"]
[White "Short, Nigel D"]
[Black "Vallejo Pons, Francisco"]
[Result "0-1"]
[WhiteElo "2690"]
[BlackElo "2697"]
[Annotator "CB"]
[PlyCount "78"]
[EventDate "2010.12.28"]
[EventType "tourn"]
[EventRounds "9"]
[EventCountry "ITA"]
[EventCategory "18"]
[SourceTitle "CBM 140"]
[Source "ChessBase"]
[SourceDate "2011.01.18"]
[SourceVersion "1"]
[SourceVersionDate "2011.01.18"]
[SourceQuality "1"]

1. e4 e6 2. d4 d5 3. Nc3 Nf6 4. e5 Nfd7 5. f4 c5 6. Nf3 {In round two, Short
played dxc5 against Morozevich, and got into all kinds of trouble. Clearly he
found no special improvement and goes back to one of the mainlines.} Nc6 7. Ne2
{Be3 is the most common guest but Ne2 has already been played by Short more
than once and it is unlikely Vallejo was unprepared.} Be7 8. c3 a5 9. h4 {
#The main caveat of this move is that it assumes White's king is safe in the
center without castling, or at the very least will compensate any risk taken
by creating threats against Black's king. It is really not clear how this can
be true after 0-0 and f6, opening the f-file and undermining the center.} O-O
10. Rh3 f6 11. a3 Rf7 12. Be3 Nb6 13. b3 Qf8 14. Qb1 a4 15. dxc5 Bxc5 16. Bxc5
Qxc5 17. b4 Qf8 18. Ned4 $2 {#Although a mistake, its refutation is a
brilliancy that Nigel should be forgiven for missing.} fxe5 $1 19. Nxc6 {#} e4
$3 20. Nce5 Rxf4 $1 {The point is that not only is black threatening f1 behind
the knight, but the knight on e5 is actually trapped and has nowhere to escape
to.} 21. Nh2 Qf5 22. Neg4 {#} Rxf1+ ({The engine say that} 22... h5 $1 {
was stronger, and while there is no doubting their analysis here, the line is
really not obvious and one cannot blame Paco for shirking this choice even had
he seen much of the idea. With so many possibiities at every move, simplicity
was much preferable.} 23. Ne3 Qf6 {This move is the key as it pressures c3 and
h4. The attack on c3 gains time now, but by freeing the c8-h3 diagonal, e5
will hit hard.} 24. Qc2 e5 25. g4 {Forced since Rg3 is countered by Qxh4.} hxg4
26. Rg3 Qxh4 27. Qg2 d4 {And the combination of steamroller center with pieces
tied up in knots is winning.}) 23. Nxf1 Qxg4 24. Ne3 Qg6 25. Kf2 e5 26. Rg3
Qf6+ 27. Kg1 Be6 28. Qe1 Rf8 29. Rd1 Kh8 30. h5 Qh4 {This was the point Kh8,
to be able to play this and not suffer a fatal discovered check with Rxg7+.}
31. c4 d4 32. c5 Nc4 33. Nf1 Qxh5 34. Rc1 e3 35. b5 e4 {It is all over
needless to say.} 36. Qb4 e2 37. Nh2 Qf5 38. Nf3 Qf4 39. Qe1 Qe3+ 0-1

[Event "Rubinstein Memorial"]
[Site "Polanica Zdroj"]
[Date "1993.??.??"]
[Round "7"]
[White "Kuczynski, Robert"]
[Black "Dolmatov, Sergey"]
[Result "1-0"]
[WhiteElo "2520"]
[BlackElo "2630"]
[Annotator "Chekhov,V"]
[PlyCount "73"]
[EventDate "1993.08.??"]
[EventType "tourn"]
[EventRounds "11"]
[EventCountry "POL"]
[EventCategory "13"]
[SourceTitle "CBM 037"]
[Source "ChessBase"]
[SourceDate "1993.12.01"]
[SourceVersion "1"]
[SourceVersionDate "1993.12.01"]
[SourceQuality "1"]

1. e4 e6 2. d4 d5 3. Nc3 Nf6 4. e5 Nfd7 5. f4 c5 6. Nf3 Nc6 7. Be3 Qb6 8. Na4
Qa5+ 9. c3 cxd4 (9... c4 10. b4 Qc7 11. Be2 b5 12. Nc5 Nxc5 13. dxc5 a5 14. a3
Be7 15. O-O O-O 16. Qd2 Bd7 17. Rae1 axb4 18. axb4 Ra3 19. Nd4 Nxd4 20. Bxd4
$14 {Kruppa,Y-Dokhoian,Y SSSR 1991 Inf 53/271/}) 10. b4 Nxb4 11. cxb4 Bxb4+ 12.
Bd2 Bxd2+ 13. Nxd2 g5 (13... b6 14. Qb3 (14. Bd3 Ba6 15. Nb2 Nc5 16. Bxa6 Qxa6
17. Qe2 Qa3 18. Qb5+ Ke7 19. O-O Qe3+ 20. Rf2 Rhc8 21. Rd1 g6 22. Nf1 Qa3 23.
Rxd4 Qxa2 24. Ng3 $1 $16 {Chandler,M-Gurevich,M Leningrad 1987 Inf 43/358/})
14... g5 15. Qb5 gxf4 16. Qxa5 bxa5 17. Nf3 Rb8 18. Rc1 O-O 19. Nc5 Rb2 20. Nd3
$1 $16 {Ghinda,E-Dizdar,G Polithenica Bosha 1987 Inf 44/343/}) 14. Rb1 (14. Nb2
gxf4 15. Nd3 b6 (15... O-O $2 16. Qg4+ Kh8 17. Qxf4 f6 18. Qxd4 $18 {Evdokimov,
A-Monin,N SSSR 1987/}) 16. Kf2 Ba6 17. Nf3 Rc8 18. Nxf4 Nc5 {Anand,V-Dreev,A
Madras 1991 Inf 51/274/} 19. Bxa6 $1 Ne4+ 20. Kg1 Qxa6 21. Nxd4 $13) 14... a6 (
14... gxf4 15. Bb5 a6 16. Bxd7+ Bxd7 17. Nb6 $16) 15. Nb2 $5 $146 (15. Bd3 $5
gxf4 16. O-O b5 (16... Nxe5 17. Nb6 Rb8 18. Nxc8 Rxc8 19. Rxb7 Nxd3 20. Qh5 O-O
21. Ne4 $1 Rc1 22. Rxc1 Nxc1 23. Nf6+ $18 {Kalegin,E-Okhotnik,V SSSR 1992/})
17. Nb2 Nxe5 18. Rxf4 Nc4 19. Ndxc4 dxc4 20. Qh5 $16 {Kalegin/}) 15... Nc5 (
15... Qxa2 $2 16. Na4 $1 $16) (15... gxf4 $5 16. Nd3 {/\Kf2,Qg4/}) 16. Bd3 (16.
Nd3 Ne4) 16... Bd7 (16... Ne4 17. Bxe4 dxe4 18. Nbc4 $18) 17. O-O Qxa2 (17...
Nxd3 18. Nxd3 Bb5 19. Nf3 $18) 18. fxg5 Qa3 19. Nf3 $16 a5 $6 20. Qe2 Nb3 21.
Bb5 Bc6 22. Na4 O-O 23. Qd3 $18 Bxb5 24. Qxb5 Nd2 25. Nxd2 Qe3+ 26. Rf2 Rfc8
27. Nf1 Qxg5 28. Nc5 Rc7 29. Nd7 Rd8 30. Nf6+ Kh8 31. Ne8 Re7 32. Nd6 Rf8 33.
Re1 f5 34. Qxa5 f4 35. Qd2 b5 36. Qxd4 f3 37. Qe3 1-0

[Event "Tirnavia"]
[Site "Trnava"]
[Date "1989.??.??"]
[Round "?"]
[White "Mokry, Karel"]
[Black "Bareev, Evgeny"]
[Result "0-1"]
[WhiteElo "2500"]
[BlackElo "2555"]
[Annotator "ChessBase"]
[PlyCount "74"]
[EventDate "1989.03.??"]
[EventType "tourn"]
[EventRounds "10"]
[EventCountry "CZE"]
[EventCategory "11"]
[SourceTitle "CBM 012"]
[Source "ChessBase"]
[SourceDate "1989.10.01"]
[SourceVersion "1"]
[SourceVersionDate "1989.10.01"]
[SourceQuality "1"]

1. e4 e6 2. d4 d5 3. Nc3 Nf6 4. e5 Nfd7 5. f4 c5 6. Nf3 Nc6 7. Be3 cxd4 8. Nxd4
Bc5 9. Qd2 O-O 10. O-O-O a6 11. h4 $6 (11. Kb1 Nxd4 (11... Nxd4 12. Bxd4 b5 13.
g4 b4 14. Ne2 a5 15. Bg2 Ba6 16. Bxc5 Bxe2 17. Bxf8 Bxd1 18. Bxg7 Bxc2+ 19.
Qxc2 Rc8 20. Qd2 Kxg7 21. h4 Qc7 22. h5 h6 23. Bf3 a4 24. g5 hxg5 25. Rg1 b3
26. Rxg5+ Kh8 27. Rg2 $2 Qc1+ {0-1; Abramovic,B-Kovacevic,Vlado/JUG-ch/1989/})
12. Bxd4 b5 13. Bf2 Qe7 14. g4 Bb7 15. Ne4 $2 {!; Psakhis Inf.45/321} dxe4 16.
Qxd7 Rad8 $1 17. Qxe7 Rxd1#) 11... Qc7 12. Rh3 $6 Nxd4 13. Bxd4 b5 14. Qe3 Bb7
15. Bd3 f6 $1 16. exf6 Rxf6 17. Ne2 Bxd4 18. Qxd4 e5 $1 19. fxe5 Nxe5 20. Re3
Nc4 21. Bxc4 dxc4 22. g3 Rff8 23. Qd7 Qxd7 24. Rxd7 Bc8 25. Rc7 Rf1+ 26. Kd2
Bg4 27. Nd4 Rf2+ 28. Kc3 Rg2 29. Kb4 Bd1 30. Re1 Bh5 31. Nf5 Bg6 32. Nxg7 Rxc2
33. h5 Bd3 34. Ne8 Rxb2+ 35. Ka3 Rf2 36. Re6 a5 37. Rf6 b4+ 0-1

[Event "Hastings 8899"]
[Site "Hastings"]
[Date "1988.??.??"]
[Round "?"]
[White "Chandler, Murray G"]
[Black "Short, Nigel D"]
[Result "1/2-1/2"]
[WhiteElo "2605"]
[BlackElo "2665"]
[Annotator "ChessBase"]
[PlyCount "163"]
[EventDate "1988.12.??"]
[EventType "tourn"]
[EventRounds "14"]
[EventCountry "ENG"]
[EventCategory "14"]
[SourceTitle "CBM 011"]
[Source "ChessBase"]
[SourceDate "1989.08.01"]
[SourceVersion "1"]
[SourceVersionDate "1989.08.01"]
[SourceQuality "1"]

1. e4 e6 2. d4 d5 3. Nc3 Nf6 4. e5 Nfd7 5. f4 c5 6. Nf3 Nc6 7. Be3 cxd4 8. Nxd4
Bc5 9. Qd2 Bxd4 10. Bxd4 Nxd4 11. Qxd4 Qb6 12. Qxb6 Nxb6 13. Nb5 Ke7 14. O-O-O
Bd7 15. Nd4 h5 16. g3 Na4 17. Bd3 Nc5 18. h3 Rag8 19. Rhf1 g6 20. Kd2 Be8 21.
Rc1 Bd7 22. b4 Na4 23. c4 dxc4 24. Rxc4 Rc8 25. Rfc1 Rxc4 26. Rxc4 Nb2 27. Rc7
Nxd3 28. Kxd3 Rb8 29. b5 Kd8 30. Rc3 b6 31. Ke4 Rb7 32. g4 hxg4 33. hxg4 Ke7
34. Kf3 Kf8 35. Ke3 Kg7 36. Kd3 Kf8 37. Kc2 Kg7 38. Kb3 Kf8 39. Kb4 Ke8 40. Nf3
Ke7 41. Nd2 f6 42. Rh3 $6 (42. exf6+ $1 Kxf6 43. Nf3 $1 $16) 42... fxe5 43.
fxe5 Rc7 44. Rh7+ Ke8 45. Rh8+ Ke7 46. Ne4 Rc1 47. a4 Re1 48. Rh7+ Kd8 49. Nf6
Bc8 50. Rxa7 (50. Rh8+ $5 Kc7 51. Ne8+ Kd7 52. Nd6 Rxe5 $1 53. Nxc8 Re4+ 54.
Kb3 Re3+ 55. Kc2 Ra3 56. Nxa7 Rxa4 57. Nc6 Kd6 58. Kb3 Rxg4 59. Rh3 $1 {
+- / ~/=}) 50... Rxe5 51. a5 bxa5+ 52. Kxa5 Re1 53. Rg7 e5 54. Rxg6 Be6 55. Kb6
e4 56. Nh5 Bc4 57. Rc6 Be2 58. Nf6 Rb1 59. Re6 Bxb5 60. Kc5 Ba4 61. Rxe4 Rb5+
62. Kd6 Rb6+ 63. Ke5 Bc6 64. Rf4 Ke7 65. Ng8+ Ke8 66. g5 Rb5+ 67. Kf6 Kf8 68.
Ne7 Be8 69. Nc8 Rc5 70. Nd6 Rc6 71. Ke5+ Ke7 72. Nf5+ Kd8 73. Rd4+ Bd7 74. Nd6
Ke7 75. Ne4 Re6+ 76. Kf4 Rc6 77. Rb4 Be8 78. Rb7+ Ke6 79. Rb5 Bg6 80. Nc5+ Kd6
81. Nb7+ Ke7 82. Na5 1/2-1/2

[Event "Interzonal-15"]
[Site "Manila"]
[Date "1990.??.??"]
[Round "3"]
[White "Rechlis, Gad"]
[Black "Dreev, Alexey"]
[Result "0-1"]
[WhiteElo "2505"]
[BlackElo "2615"]
[Annotator "ChessBase"]
[PlyCount "51"]
[EventDate "1990.06.29"]
[EventType "swiss"]
[EventRounds "13"]
[EventCountry "PHI"]
[SourceTitle "CBM 019"]
[Source "ChessBase"]
[SourceDate "1990.12.01"]
[SourceVersion "1"]
[SourceVersionDate "1990.12.01"]
[SourceQuality "1"]

1. e4 e6 2. d4 d5 3. Nc3 Nf6 4. e5 Nfd7 5. f4 c5 6. Nf3 Nc6 7. Be3 cxd4 8. Nxd4
Bc5 9. Qd2 a6 10. O-O-O Qc7 $6 11. h4 Bb4 12. Kb1 Rb8 (12... Na5 $2 13. Nxd5 $1
$18) 13. a3 Be7 14. Bd3 Nc5 15. Qf2 Nxd4 16. Bxd4 b5 17. b4 Nd7 18. f5 Nb6 19.
f6 gxf6 20. exf6 Bd6 21. Rhe1 Kd8 $1 (21... Bg3 $2 22. Bxb6 Rxb6 23. Nxd5 Bxf2
24. Nxc7+ Kd8 25. Na8 $1 $18 {/\ Bb5}) 22. Bxb5 $2 (22. Qf3 $142 $16 {Dreev,A})
22... Bg3 23. Bxb6 Bxf2 24. Nxd5 Rxb6 25. Nxb6+ Bd7 26. Na8 $138 0-1

[Event "Olympiad-32"]
[Site "Yerevan"]
[Date "1996.09.17"]
[Round "2.3"]
[White "Reefat, Bin Sattar"]
[Black "Bareev, Evgeny"]
[Result "0-1"]
[WhiteElo "2465"]
[BlackElo "2655"]
[Annotator "Dolmatov,S"]
[PlyCount "66"]
[EventDate "1996.09.15"]
[EventType "team-swiss"]
[EventRounds "14"]
[EventCountry "ARM"]
[SourceTitle "CBM 055"]
[Source "ChessBase"]
[SourceDate "1996.12.01"]
[SourceVersion "1"]
[SourceVersionDate "1996.12.01"]
[SourceQuality "1"]
[WhiteTeam "Bangladesh"]
[BlackTeam "Russia"]
[WhiteTeamCountry "BAN"]
[BlackTeamCountry "RUS"]

1. e4 e6 2. d4 d5 3. Nc3 Nf6 4. e5 Nfd7 5. f4 c5 6. Nf3 Nc6 7. Be3 a6 8. Qd2 b5
9. Be2 (9. dxc5 Bxc5 10. Bxc5 Nxc5 11. Qf2 Qb6 12. Bd3 Rb8 13. O-O $14 {
Khalifman,A-Bareev,E/Moscow/1992/}) 9... b4 10. Na4 (10. Nd1 Qb6 $10) 10...
cxd4 11. Nxd4 Nxd4 12. Bxd4 Be7 (12... Qa5 $6 13. b3 $14) 13. O-O O-O 14. Qe3
a5 15. c4 (15. Bd3 $5 Ba6 16. f5 Bxd3 17. cxd3 exf5 18. Rxf5 Ra6 19. Qf3 Qa8
20. Rf1 f6 21. exf6 Nxf6 $14) 15... dxc4 (15... bxc3 16. bxc3 (16. Nxc3 Ba6 $10
) 16... Ba6 17. Rab1 $14) 16. Bxc4 Ba6 17. Bxa6 Rxa6 18. Rac1 Qb8 19. Qd3 Qb7
20. Qc4 Raa8 21. Qc6 Rfb8 22. Rfd1 g5 $5 23. g3 (23. Be3 Qxc6 $5 (23... gxf4
24. Rxd7 Qxc6 25. Rxc6 fxe3 26. Rxe7 $18) (23... Nf8 $6 24. fxg5 Ng6 25. Qxb7
Rxb7 26. Nc5 $16) 24. Rxc6 Rd8 25. Rc7 $2 Nxe5 26. Rxd8+ Bxd8) 23... gxf4 24.
gxf4 Nf8 25. Kf2 (25. Be3 Ng6 26. Kf2 $14) 25... Qxc6 26. Rxc6 Rd8 27. Ke3 Ng6
28. Ke4 Bf8 29. Rg1 Rac8 30. Rxc8 Rxc8 31. Nc5 $2 (31. f5 exf5+ 32. Kxf5 Rc2
33. h4 $14) 31... Rxc5 (31... Bxc5 $2 32. Rc1 $16) 32. Bxc5 Bxc5 33. Rc1 Bb6 (
33... Bb6 34. Rc6 Bg1 35. h3 Bh2 36. Ra6 Bxf4 37. Rxa5 Bxe5 38. Rxe5 Nxe5 39.
Kxe5 f5 40. a4 bxa3 41. bxa3 Kf8) 0-1

[Event "Biel Credis"]
[Site "Biel"]
[Date "1997.07.27"]
[Round "6"]
[White "Onischuk, Alexander"]
[Black "Hertneck, Gerald"]
[Result "1-0"]
[WhiteElo "2625"]
[BlackElo "2525"]
[Annotator "Donev,I"]
[PlyCount "45"]
[EventDate "1997.07.20"]
[EventType "tourn"]
[EventRounds "10"]
[EventCountry "SUI"]
[EventCategory "10"]
[SourceTitle "CBM 060"]
[Source "ChessBase"]
[SourceDate "1997.09.29"]
[SourceVersion "1"]
[SourceVersionDate "1997.09.29"]
[SourceQuality "1"]

1. e4 {Finkel,A} e6 2. d4 d5 3. Nd2 Nf6 4. e5 Ne4 5. Nxe4 dxe4 6. Bc4 c5 7. d5
Qb6 $6 $146 {Hertneck hofft mit dieser Neuerung in einer seltenen Variante der
Französischen Partie den Ukrainischen GM Onischuk zu überraschen.} (7... exd5
8. Qxd5 $5 Qxd5 9. Bxd5 Nc6 (9... Nd7 {Finkel,A} 10. Bf4 f5 11. exf6 Nxf6 12.
Bc4 (12. O-O-O $5 $14) 12... Bd7 13. a4 O-O-O 14. Ne2 Bc6 $11 {Zauner
Josef-Kretschel Klaus/Bayern Regionalliga Southeast 1995/1-0 (49)}) 10. Bxe4
Nxe5 11. Bf4 Nc6 12. Nf3 $14 {@}) (7... Nd7 8. dxe6 fxe6 9. Nh3 $1 $14 (9. f4
exf3 10. Nxf3 $14) (9. Bxe6 Qe7) (9. Nh3 {Finkel,A} Nxe5 (9... Nb6 $2 10. Qxd8+
Kxd8 11. Be2 Be7 12. Ng5 $1 Bxg5 13. Bxg5+ Ke8 14. Be3 Nd7 15. O-O-O $16 {
Georgiev,K-Maksimovic,B/Hania op 1992 (26)}) 10. Qh5+ Nf7 11. Ng5 g6 12. Qg4
Ne5 (12... Bg7 13. Bxe6 $1 Ne5 14. Qxe4 Qe7 15. Bxc8 Rxc8 16. O-O $16 {Kveinys,
A-Crouch,C/Katowice op 1992 (40)}) 13. Bb5+ Ke7 14. Qh4 $1 Qa5+ 15. Bd2 Qxb5
16. Bc3 $40 {Kindermann,S-Dobosz,H/Bern op 1995 (20)}) (9. Bf4 Qb6 10. c3 $5
Qc6 $6 (10... Qxb2 11. Ne2 Qb6 12. Rb1 Qc6 13. Bb5 Qc7 14. Ng3 $14) 11. Qb3 $16
a6 12. Nh3 b5 13. Bxe6 Nxe5 14. Bd5 Nd3+ 15. Kf1 $18 {Herrera,I-Alonso,R/
CUB-ch Holguin 1991 (39)})) (7... g6 {Finkel,A} 8. f4 $5 f6 $6 9. exf6 Qxf6 10.
Ne2 exd5 11. Qxd5 Nc6 12. Bd2 $1 Bg7 13. Bc3 $16 {Howell,J-Crouch,C/Isle of
Man op 1994 (18)}) (7... a6 $5 {Finkel,A} 8. a4 Nd7 9. dxe6 fxe6 10. Nh3 Nxe5
11. Qh5+ Nf7 12. Ng5 g6 13. Nxf7 $5 Qa5+ $1 14. Bd2 gxh5 15. Bxa5 Kxf7 16. O-O
$14 {Van der Wiel,J-Visser,Y/NLD-chT 1993 (20)}) 8. c3 {Vermeidet Qb4+} Nd7 (
8... e3 {Finkel,A} 9. fxe3 exd5 10. Bxd5 Be7 11. Nf3 O-O 12. O-O Rd8 13. c4 Nc6
14. b3 $16) 9. f4 $1 {Finkel: A very strong move, which is, however, not so
difficult to find. Now black is faced with a difficult choice: to help White
develop another piece or to remain with a weak pawn on e4. In both cases
Black's position is highly sucpicious. Nun hat Weiß schon klaren
Eröffnungsvorteil. Die schwarzen Figuren am Damenflügel stehen ungemütlich.
Falls der Nachziehende auf f3 e.p. nimmt, so bekommt Weiß nach 10.Nf3 nebst
0-0 auf der f-Linie eine starke Iniative.} exd5 (9... exf3 $5 {Finkel,A} 10.
Nxf3 exd5 11. Qxd5 Qe6 12. Bf4 (12. Qxe6+ fxe6 13. O-O Nb6 14. Bd3 $14) 12...
Qxd5 13. Bxd5 Nb6 14. Be4 $14) 10. Qxd5 Qg6 11. Ne2 {[%cal Ye2g3,Yg3e4] Der
Springer strebt nach g3} Be7 (11... Nb6 12. Bb5+ Bd7 13. Bxd7+ Nxd7 14. Ng3 $16
) (11... Qxg2 12. Qxf7+ Kd8 13. Rg1 Qxh2 14. Be3 $18) 12. Ng3 Bh4 (12... f5 13.
e6 Nb6 14. Bb5+ Kf8 15. Qxf5+ Qxf5 16. Nxf5 Bxe6 17. Ng3 $16) 13. O-O Bxg3 14.
hxg3 O-O 15. f5 Qxg3 $2 (15... Qc6 16. e6 Qxd5 17. Bxd5 Nf6 18. exf7+ Kh8 19.
Be6 b6 $16) 16. Bf4 Qg4 17. e6 $1 $18 {Finkel: After this move black is
defenceless.} fxe6 {Finkel: Allowing white to finish with elegance.} (17... Nb6
18. exf7+ Kh8 19. Qxc5 Bxf5 20. Bd6 $18 (20. Bd6 {Finkel,A} Nxc4 21. Bxf8 $18))
18. fxe6 Nb6 19. e7+ $3 {Nach diesem ausgezeichnetem Damenopfer verliert
Schwarz sofort.} Nxd5 20. exf8=Q+ Kxf8 21. Bd6+ Ke8 22. Bb5+ Bd7 23. Rf8# {
Ein widerlegtes Eröffnungssystem.} 1-0

[Event "Antwerp InventiChess"]
[Site "Antwerp"]
[Date "2011.09.06"]
[Round "4"]
[White "Edouard, Romain"]
[Black "Hovhannisyan, Mher"]
[Result "1-0"]
[WhiteElo "2608"]
[BlackElo "2496"]
[Annotator "Edouard,R"]
[PlyCount "95"]
[EventDate "2011.09.03"]
[EventType "tourn"]
[EventRounds "9"]
[EventCountry "BEL"]
[EventCategory "9"]
[SourceTitle "CBM 144"]
[Source "ChessBase"]
[SourceDate "2011.09.16"]
[SourceVersion "1"]
[SourceVersionDate "2011.09.16"]
[SourceQuality "1"]

1. e4 e6 2. d4 d5 3. Nc3 Nf6 4. e5 Nfd7 5. f4 c5 6. Nf3 Nc6 7. Be3 Qb6 8. Na4
Qa5+ 9. c3 {Funny! The same position one day later! This my opponent changed
the line, but ends up playing a worse one in my opinion.} cxd4 10. b4 Nxb4 11.
cxb4 Bxb4+ 12. Bd2 Bxd2+ 13. Nxd2 O-O 14. Bd3 b5 15. Nb2 Nb6 {A line that has
been tried recently, but refuted!} 16. O-O Nc4 17. Nbxc4 bxc4 18. Bxh7+ $1 Kxh7
19. Qh5+ Kg8 20. Nf3 g6 (20... f6 21. exf6 Qc7 22. fxg7 Qxg7 23. Ne5) 21. Qh6
Qc7 22. Nh4 (22. f5 exf5 23. Rae1 {was played by Zherebukh in 2010 and also
looks a very strong move. But the next move, played first by Kosintseva, just
wins! Actually, my opponent missed that game, but it's funny that I had found
that move before Kostintseva played it! So things went exactly as if
Kosintseva's game simply did not exist.}) 22... d3 $146 (22... f5 23. Nxg6 Qg7
24. Qh5 Rf7 25. Rf3 Bd7 26. Rh3 Be8 27. Qg5 d3 28. Rh6 $1 Rb8 29. Qh5 $2 (29.
Qh4 $1 Rfb7 30. Rh8+ Kf7 31. Rh7 Kg8 32. Rxg7+ Kxg7 33. Qf6+ $18) 29... Qxh6 (
29... Rfb7 30. Rh8+ Kf7 31. Rh7 Kg8 {would be not so clear! As weird as it
looks at first sight, White's queen is terribly misplaced on h5!}) 30. Qxh6 $18
{1-0 Kosintseva,T (2534)-Shen,Y (2452)/Jermuk ARM 2010 (51)}) 23. Rf3 Re8 (
23... Rd8 {loses an even simpler way:} 24. Nf5 Qc5+ 25. Kh1 Qf8 26. Ne7+ {
(Black's rook doesn't defend that square anymore)} Qxe7 27. Rh3 $18) 24. Nxg6
$2 {I saw that this is sort of winning, and as my opponent already had no time,
I did not spend enough time on the position. Actually, the move 24.Kh1 wins in
a very simple way.} (24. Kh1 $1 {was a much better version of the game:} Qe7
25. Nxg6 fxg6 26. Qxg6+ $1 Kf8 27. Rg3 {and White wins because ...Ke7 is no
longer possible:} Qf7 28. Qh6+ Ke7 29. Rg7 $18) 24... fxg6 25. Rg3 (25. Qxg6+
$4 Kf8 26. Rg3 Qb6+ 27. Kh1 Ke7 $19) 25... Qh7 (25... Qg7 26. Rxg6 Re7 27. Rf1
Bd7 28. f5 $1 exf5 29. e6 $18) 26. Rxg6+ Kh8 27. Qg5 Rf8 $1 (27... Rg8 28. Qf6+
Rg7 29. Rh6 {is even less pleasant for Black than the game!}) 28. Rh6 Rb8 29.
Rxh7+ $2 {A kind of "hand mistake". Actually, I thought I want to go f5, but
felt like putting Black's king on h7 (instead of Black's rook after ...Rb7 and
...Rxh7) was an improvement. The problem is that it allows Rxf5!} (29. f5 Rb7
$8 (29... Rxf5 30. Qd8+ Kg7 31. Rxh7+ Kxh7 32. Qc7+ $18) (29... exf5 30. Rxh7+
Kxh7 31. Qe7+ Kg8 32. e6 Rb7 33. Qd6 $18) 30. f6 Rg8 31. Rxh7+ Rxh7 32. Qe3 {
should be technically winning, though Black keeps a few chances.}) 29... Kxh7
30. Qh5+ Kg7 31. Qg5+ Kh7 32. f5 {I thought this move was anyway objectively
the best. Otherwise, it is far from easy to see a winning plan, as Black's
pawn will be very strong if White doesn't have a mating attack. Although there
is another good option, I keep thinking that move was probably the best,
especially from a practical point of view.} (32. Rf1 Rb7 $1 33. Rf3 Rg7 34.
Qh4+ Kg8 35. Kf2 $1 {should be fine too. Let's note that it's better to ask
the king to prevent ...d2, and let the two other pieces attack!}) 32... Rxf5 (
32... exf5 {is like 29.f5 exf5.}) 33. Qe7+ Kg6 34. Qc7 Ra8 35. Rb1 Rf7 $2 (
35... d2 $8 36. Rd1 Rf7 37. Qa5 {with a huge avantage anyway.}) 36. Qc6 d2 $6 (
36... Bb7 37. Qxe6+ $18) 37. Qa4 $4 {Funny! I had 1 hour against 30 seconds
and I agreed with my opponent that Qxa8 was bad! Actually, it is just
completely winning!} (37. Qxa8 Rc7 38. Rf1 $8 {Ok, all other moves are losing,
but for some reason here I thought Black goes ...c2: but Black's pawn is still
on c4 only!} (38. Qb8 $4 Rb7 $8 $19) 38... c3 39. Qb8 $18) 37... Bd7 38. Qc2+
Kg7 39. Qxd2 Rc8 40. Rc1 Kg8 41. Rc3 Rcf8 {It is difficult to say how Black
could have played this endgame, which seems totally lost.} 42. Rg3+ Rg7 43. Rh3
$5 (43. Rxg7+ Kxg7 44. Qg5+ Kf7 45. Kf2 {should be winning too. But I liked
the next move more, as mating is more pleasant than pushing an h-pawn :-)})
43... Be8 $2 (43... Rf5 $8 {was the only way to hold a bit, but Black's
position is lost, for example:} 44. Qh6 Kf7 45. Qh4 $5 Rfg5 (45... Rg8 46. Qd4
$18) 46. Qf2+ Kg8 47. Qf6 $1 Rxg2+ 48. Kf1 Rg1+ 49. Kf2 R1g2+ 50. Kf3 $18) (
43... Rff7 44. Qh6 Rh7 45. Qg5+ Rhg7 46. Qh4 Rh7 47. Qd8+ $18) 44. Qh6 Bg6 45.
Rg3 Kf7 46. h4 Rfg8 47. h5 Bf5 48. Qf6+ 1-0